Report and balance sheet,1938-48 (Record no. 489391)

MARC details
000 -LEADER
fixed length control field 00628nam a2200217Ia 4500
003 - CONTROL NUMBER IDENTIFIER
control field OSt
005 - DATE AND TIME OF LATEST TRANSACTION
control field 20220925173922.0
008 - FIXED-LENGTH DATA ELEMENTS--GENERAL INFORMATION
fixed length control field 220923b |||||||| |||| 00| 0 eng d
037 ## - SOURCE OF ACQUISITION
Terms of availability General Book
040 ## - CATALOGING SOURCE
Original cataloging agency RTL
Transcribing agency RTL
Language of cataloging eng
041 ## - LANGUAGE CODE
Source of code eng
Language code of text/sound track or separate title eng
110 ## - MAIN ENTRY--CORPORATE NAME
Corporate name or jurisdiction name as entry element NATIONAL BANK OF EGYPT
9 (RLIN) 245331
245 #0 - TITLE STATEMENT
Title Report and balance sheet,1938-48
260 ## - PUBLICATION, DISTRIBUTION, ETC.
Place of publication, distribution, etc. Cairo
Name of publisher, distributor, etc. National Bank of Egypt
Date of publication, distribution, etc. 1948
700 ## - ADDED ENTRY--PERSONAL NAME
Personal name NATIONAL BANK OF EGYPT
9 (RLIN) 245332
942 ## - ADDED ENTRY ELEMENTS (KOHA)
Classification part X62.677.N48<-N38r, H8
Koha item type General Books
Source of classification or shelving scheme Colon Classification (CC)
Holdings
Withdrawn status Lost status Damaged status Not for loan Home library Current library Date acquired Total Checkouts Full call number Barcode Date last seen Price effective from Koha item type
        Ratan Tata Library Ratan Tata Library 2022-09-25   X62.677.N48<-N38r H8 RT0417171 2022-09-25 2022-09-25 General Books
Copyright @ Delhi University Library System